|
|
|
|
| LEADER |
00000nab a2200000 a 4500 |
| 001 |
vtls008997435 |
| 003 |
SK-MaSNL |
| 005 |
20260303065807.0 |
| 008 |
140303c2007 xo wrzp 0 0slo |
| 015 |
|
|
|a SNBRB2007/06
|2 snkbucl
|
| 040 |
|
|
|a SNKBUCL
|b slo
|c SNKBUCL
|e AACR2
|
| 041 |
0 |
|
|a slo
|
| 044 |
|
|
|a xo
|c SK
|
| 080 |
|
|
|a 616.36-006-07-08
|2 1997
|
| 080 |
|
|
|a 061.3
|x (437.6)
|2 1997
|
| 245 |
0 |
0 |
|a Hepatitídy ako "vysokonákladové" ochorenie
|b z rokovania II. slovenskej konsenznej konferencie v Bratislave
|c Jozef Holomáň
|
| 650 |
0 |
7 |
|a hepatitída vírusová
|x diagnostika
|x liečba
|2 snkbucl
|9 865581
|
| 650 |
0 |
7 |
|a konferencie konsenzné
|2 snkbucl
|9 1066332
|
| 773 |
0 |
|
|t Zdravotnícke noviny
|g Roč. XII, č. 19 (2007), s. 15
|x 1335-4477
|
| 852 |
|
|
|a SNK
|b KIS3GCP
|
| 958 |
|
|
|a MI
|
| 958 |
|
|
|a SK
|
| 999 |
|
|
|c 1752735
|d 1754665
|